A tutela coletiva dos direitos fundamentais dos trabalhadores

Detalles Bibliográficos
Autor principal: Martins Cšar, Joô Batista
Formato: eBook
Lenguaje:portugués
Publicado: San Pablo: LTR Editora, 2013
Materias:
Acceso en línea:Acceso restringido

MARC

LEADER 00000nam a22000007a 4500
005 20150813215551.0
007 cr|||| ||||
008 150813s2013 br |||||s|||| 00||0 por d
020 |a 9788536126418 
035 |a 12828 
040 |a vLex 
090 |c 5543  |d 5543 
100 1 |a Martins Cšar, Joô Batista 
245 1 2 |a A tutela coletiva dos direitos fundamentais dos trabalhadores  |h [Recurso electrn̤ico] /  |c Joô Batista Martins Cšar 
256 |a Servicio en ln̕ea 
260 |a San Pablo:  |b LTR Editora,  |c 2013 
300 |a 1 recurso electrn̤ico 
500 |a A globalizaȯ̂ e as polt̕icas econm̥icas dela decorrentes levaram a uma grande concentraȯ̂ de renda nas môs de poucos privilegiados e ̉consequente exclusô de milhe̳s de pessoas que trabalham sem as condiė̳s mn̕imas de dignidade para o ser humano. A tutela coletiva, ao equilibrar os polos do processo, ̌o instrumento adequado para a efetivaȯ̂ dos direitos fundamentais dos trabalhadores, a pacificaȯ̂ social e o descongestionamento do Poder Judicir̀io. 
506 1 |a Disponible solo en los productos indicados  |d vLex Global  |d vLex Global (Academic Edition, excluding Law Schools)  |d vLex Global (U.S. Academic Edition, Law Schools)  |d vLex Global (U.S. Academic Edition, excluding Law Schools)  |d vLex Global (Academic Edition, Law Schools) 
650 0 4 |a Derecho Laboral y Seguridad Social  |z Brasil 
740 0 |a vLex Libros (Servicio en ln̕ea) 
856 4 0 |u http://vlex.com/source/tutela-coletiva-dos-direitos-fundamentais-dos-trabalhadores-12828  |z Acceso restringido 
942 |c BOOK 
999 0 |a Labor and Social Security